00260nam a2200097Ia 4500001000800000005001700008008004100025020001800066245005900084260001900143126855720260417145252.0260417s9999 xx 000 0 und d a9786257854634 0aBiri Sırtımı Kaşıyabilir Mi Lütfen?cJory John bKetebe Çocuk